[Event "Regionalliga NO 0607"]
[Site "Bayern"]
[Date "2006.12.10"]
[Round "4.1"]
[White "Appel, Helmut"]
[Black "Fischer, Markus"]
[Result "1-0"]
[WhiteElo "2182"]
[BlackElo "2141"]
[PlyCount "139"]
[EventDate "2006.10.15"]
[EventType "team-tourn"]
[EventRounds "9"]
[EventCountry "GER"]
[SourceTitle "EXT 2008"]
[Source "ChessBase"]
[SourceDate "2007.11.25"]
[SourceVersion "1"]
[SourceVersionDate "2007.11.25"]
[SourceQuality "1"]
[WhiteTeam "Kareth Lappersdorf"]
[BlackTeam "Weiden"]
[WhiteTeamCountry "GER"]
[BlackTeamCountry "GER"]

1. e4 Nf6 2. e5 Nd5 3. d4 d6 4. c4 Nb6 5. f4 dxe5 6. fxe5 Nc6 7. Be3 Bf5 8. Nc3 e6 9. Nf3 Bg4 10. Qd2 Bb4 11. Be2 Na5 12. b3 Qe7 13. 0-0 0-0-0 14. Qb2 Ba3 15. Qc2 Nc6 16. Nb5 Bf5 17. Qd2 f6 18. exf6 gxf6 19. Nxa3 Qxa3 20. Nh4 Be4 21. Rxf6 e5 22. d5 Rhg8 23. Bxb6 axb6 24. Qe3 Qb2 25. Raf1 Qd4 26. Qf2 Qxf2+ 27. R1xf2 Nd4 28. Nf3 Nxe2+ 29. Rxe2 Bxf3 30. Rxf3 Rg5 31. Rfe3 Re8 32. Re4 Kd7 33. h3 Kd6 34. Kh2 h5 35. g4 hxg4 36. h4 g3+ 37. Kg2 Rf5 38. Kxg3 Rg8+ 39. Rg4 Rgf8 40. Re3 b5 41. Rg5 Rf1 42. cxb5 Rg1+ 43. Kh2 Rxg5 44. hxg5 Kxd5 45. g6 Rf2+ 46. Kh3 Rxa2 47. Rf3 Ra8 48. g7 Rg8 49. Rf7 b6 50. Rxc7 e4 51. Kg3 e3 52. Kf3 Re8 53. Ke2 Ke6 54. Rc3 Kf7 55. Rxe3 Rd8 56. Rd3 Re8+ 57. Re3 Rd8 58. Rg3 Kg8 59. Rg5 Rd4 60. Ke3 Rb4 61. Kd3 Rxb3+ 62. Kc4 Rb1 63. Rg6 Rc1+ 64. Kd4 Rd1+ 65. Kc4 Rc1+ 66. Kd4 Rd1+ 67. Ke5 Rb1 68. Kf6 Re1 69. Rg5 Re8 70. Rh5 1-0

[Event "Regionalliga NO 0607"]
[Site "Bayern"]
[Date "2006.11.19"]
[Round "3.1"]
[White "Fischer, Gerd"]
[Black "Appel, Helmut"]
[Result "1/2-1/2"]
[WhiteElo "2122"]
[BlackElo "2182"]
[PlyCount "86"]
[EventDate "2006.10.15"]
[EventType "team-tourn"]
[EventRounds "9"]
[EventCountry "GER"]
[SourceTitle "EXT 2008"]
[Source "ChessBase"]
[SourceDate "2007.11.25"]
[SourceVersion "1"]
[SourceVersionDate "2007.11.25"]
[SourceQuality "1"]
[WhiteTeam "Gunzenhausen"]
[BlackTeam "Kareth Lappersdorf"]
[WhiteTeamCountry "GER"]
[BlackTeamCountry "GER"]

1. e4 e5 2. Nf3 Nc6 3. Bb5 a6 4. Ba4 Nf6 5. 0-0 Nxe4 6. d4 b5 7. Bb3 d5 8. dxe5 Be6 9. Be3 Bc5 10. Qe2 0-0 11. Nbd2 Bxe3 12. Qxe3 Nxd2 13. Qxd2 Qe7 14. Qc3 Na7 15. Rad1 Rad8 16. Qe3 c5 17. c3 Nc6 18. h3 Na5 19. Bc2 Nc4 20. Qc1 f6 21. exf6 Qxf6 22. Ng5 Bf5 23. Bxf5 Qxf5 24. Nf3 Qh5 25. b3 Ne5 26. Nxe5 Qxe5 27. Rfe1 Qf5 28. Qe3 c4 29. bxc4 dxc4 30. Rxd8 Rxd8 31. Qb6 Rf8 32. Re7 Qf6 33. Qe3 Qf4 34. Qe1 h6 35. Rd7 Kh7 36. Rd4 Qf5 37. f4 Rf6 38. g4 Re6 39. Qd1 Qf6 40. Qc2+ Kg8 41. Qd2 Qh4 42. Rd8+ Kh7 43. Qc2+ Rg6 1/2-1/2

[Event "Regionalliga NO 0506"]
[Site "Bayern"]
[Date "2006.03.12"]
[Round "8.3"]
[White "Appel, Helmut"]
[Black "Stertkuhl, Eric"]
[Result "1-0"]
[WhiteElo "2193"]
[BlackElo "2049"]
[PlyCount "55"]
[EventDate "2005.10.23"]
[EventType "team-tourn"]
[EventRounds "9"]
[EventCountry "GER"]
[SourceTitle "EXT 2007"]
[Source "ChessBase"]
[SourceDate "2006.11.23"]
[SourceVersion "1"]
[SourceVersionDate "2006.11.23"]
[SourceQuality "1"]

1. e4 d6 2. d4 c6 3. h3 Qc7 4. Bd3 g6 5. Be3 Bg7 6. Nd2 Nf6 7. Ne2 0-0 8. 0-0 e5 9. c3 Nbd7 10. f4 h5 11. Qe1 Bh6 12. Rf3 Nxe4 13. Bxe4 d5 14. Bc2 e4 15. Rf1 Nf6 16. Qf2 Bf5 17. Ng3 Kh7 18. Nxf5 gxf5 19. Qh4 Kg6 20. Kh1 Rh8 21. Bd1 Ng4 22. Qg3 Bg5 23. Qe1 Rag8 24. Bxg4 hxg4 25. fxg5 gxh3 26. g3 f6 27. Qf2 Qd7 28. g4 1-0